Torus
| Other Authors: | |
|---|---|
| Format: | Video DVD |
| Language: | Czech English Hungarian |
| PhysicalDescription: | 1 videodisk (DVD) (88 min.) zvuk DD 5.1, fareb., PAL 4:3 12 cm |
| Published: |
Bratislava
Intersonic
2009
|
| Subjects: |
MARC
| LEADER | 00000ngm a2200000 a 4500 | ||
|---|---|---|---|
| 001 | vtls009938350 | ||
| 003 | SK-MaSNL | ||
| 005 | 20260301083104.0 | ||
| 007 | vd cvaizs | ||
| 008 | 090811s2009 xo 088 e vlcze | ||
| 040 | |a SNK |b slo |c SNK |e AACR2 | ||
| 041 | 1 | |a cze |a eng |a hun |b cze |b hun |h eng | |
| 044 | |a xo |c SK | ||
| 072 | 7 | |a 791 |x Film. Cirkus. Ľudová zábava |2 konspekt | |
| 080 | |a 791.221.5 |2 2001 | ||
| 080 | |a 791.221.7 |2 2001 | ||
| 080 | |a (0.034.44) |2 2001 | ||
| 130 | 0 | |a Epoch: Evolution |l Česky |9 409366 | |
| 245 | 1 | 0 | |a Torus |h videozáznam |c [réžia] Ian Watson |
| 260 | |a Bratislava |b Intersonic |c 2009 | ||
| 300 | |a 1 videodisk (DVD) (88 min.) |b zvuk DD 5.1, fareb., PAL 4:3 |c 12 cm | ||
| 500 | |a Názov z obalu | ||
| 500 | |a Vyšlo ako príloha dvojtýždenníka DVD HIT č. 7/2009 | ||
| 521 | 8 | |a Mládeži do 15 r. nevhodné | |
| 546 | |a V originálnom angl. znení, česý a maďarský dabing a titulky | ||
| 650 | 0 | 7 | |a hrané filmy |2 SNKPH |9 68885 |
| 650 | 0 | 7 | |a akčné filmy |2 SNKPH |9 51531 |
| 650 | 0 | 7 | |a fantasy filmy |2 SNKPH |9 138623 |
| 655 | 7 | |a DVD |2 SNKPH |9 70751 | |
| 700 | 1 | |a Watson, Ian, |d 1943- |4 drt |9 409367 | |
| 999 | |c 659713 |d 661643 | ||
| 952 | |a SNK |b SNK |y PREZ |7 0 |p 17A0627972 |o snkSDVD 561 |i snk2009/14605 |8 0 |0 0 |1 0 |4 0 |d 2009-08-11 |l 0 |r 2026-02-23 18:50:10 |w 2026-02-23 | ||


